000 00665nam a2200241Ia 4500
005 20260430150016.0
008 008 250103s9999 xx 000 0 eng d
037 _aTheses
040 _aCRL
040 _beng
040 _ceng
041 _2eng
041 _aeng
084 _qCRL
100 _aSingh Gurvinder Au.; Choudhary Brajesh Chandra Gu.
_91236189
245 0 _aAspects of primordial nucleosynthesis in a linerarly coasting universe
260 _c2021
300 _a55p.
650 _aPhysics
700 _aUniversity of Delhi. Faculty of Science. Department of Physics & Astrophysics
_9543288
942 _cTH
999 _c1848719
_d1848719